000 00215 a2200097 4500
001 31572
100 _aYu T.George
245 _aAsia's New World Order
260 _aLondon
_bMacmillan
_c1997
090 _c21427
_d21427
942 _aNUST-CAE
_cM
_c12700
999 _c266645
_d266645